| 000 | 00897nam a2200229Ia 4500 | ||
|---|---|---|---|
| 003 | GCL | ||
| 008 | 140319s9999 xx 000 0 ara d | ||
| 040 |
_aGCL / _cGCL |
||
| 082 | 0 | 4 |
_a411.6 _bس ا |
| 100 | 1 | _aمحمود حلمى مصطفى (اشراف) | |
| 245 | 1 | 0 |
_aادوات الكتابة من الفتح العربى حتى نهاية العصر المملوكى : رسالة مقدمة لنيل درجة الماجستير فى الفنون الاسلامية / _cمحمود حلمى مصطفى (اشراف) |
| 700 | 1 | _aالسيد محمد على خليفة | |
| 700 | 1 | _aعبدالرحمن محمود عبدالتواب | |
| 300 | _a382 ص | ||
| 490 | _a | ||
| 650 | 0 | 4 | _aالكتابة العربية |
| 650 | 0 | 4 | _aالنقوش العربية |
| 650 | 0 | 4 | _aالخط |
| 650 | 0 | 4 | _aالكتابة - ادوات ومواد |
| 650 | 0 | 4 | _aالكتابة، علم |
| 942 |
_2ddc _cBK |
||
| 999 |
_c40258 _d40258 |
||